| 000 | 00703 a2200217 4500 | ||
|---|---|---|---|
| 020 | _a0006170706 | ||
| 040 |
_aDLC _bDLC |
||
| 082 | 0 | 0 | _a823/.912 |
| 100 | 1 | _aChristie, Agatha, | |
| 245 | 1 | 0 |
_aMurder in Mesopotamia: a Hercule Poirot mystery _ba Hercule Poirot mystery _cAgatha Christie. |
| 260 |
_aLondon : _bHarper: _c1994. |
||
| 300 |
_a217 p. ; _c22 cm. |
||
| 650 | 0 | _aPoirot, Hercule (Fictitious character) | |
| 650 | 0 |
_aPrivate investigators _zIraq |
|
| 650 | 0 | _aArchaeologists | |
| 650 | 0 |
_aBelgians _zIraq |
|
| 650 | 0 |
_aAmericans _zIraq |
|
| 655 | 7 | _aMystery fiction. | |
| 856 | 4 | 1 |
_3Table of contents only _uhttp://www.loc.gov/catdir/toc/ecip077/2006102126.html |
| 942 |
_cBK _k823.912 CHR _2ddc |
||
| 999 |
_c5006 _d5006 |
||